عرض عادي
عرض مارك
- Plasmons (Physics)
مدخل مصطلح موضوعي
001 - رقم الضبط
- حقل الضبط: 41281
003 - معرف رقم الضبط
- حقل الضبط: OSt
005 - تاريخ ووقت أخر عملية
- حقل الضبط: 20140104184106.0
008 - عناصر بيانات ثابتة الطول
- حقل تحكم ثابت الطول: 140104|||a|||||| | ||| d
040 ## - مصدر الفهرسة
- هيئة الفهرسة الأصلية: OSt
- وكالة الكتابة: OSt
150 ## - مدخل-- مصطلح تاريخي
- عنصر مدخل المصطلح الموضوعي او الاسم الجغرافي: Plasmons (Physics)
670 ## - بيانات المصدر موجوده
- الاستشهاد بالمصدر: Work cat.: (OSt)0: Weiner, John, 1943- author. 41278, Light-matter interaction :
